000 00627nam a22001457a 4500
020 _a0-590-43643-0
082 _a823
_bMAR/K
100 _aANN M MARTIN
245 _aBABYSITTERS LITTLE SISTER # 17
260 _aUSA
_bSCHOLASTIC INC
_c1991
300 _a95
520 _aKAREN HAS THREE OLDER BROTHERS, AND SOMETIMES THEY ARE A PAIN. THEY WONT TAKE KAREN TO THE MOVIES. AND THEY DONT LET HER PLAY FOOTBALL WITH THEM. KAREN IS SO MAD SHE DECIDES NOT TO TALK TO ANY BOY-NOT HER DADDY OR EVEN THE BOY PETS IN HER FAMILY. AND MAYBE THEN KARENS BROTHERS WILL STOP TREATING HER LIKE A GIRL!
650 _aKAREN'S BROTHERS
942 _cBK
999 _c475
_d475